MARC

Tag First Indicator Second Indicator Subfields
LEADER 00000pam a22000004a 4500
001 in00002010613
005 20151031144946.0
008 040128s2004 enka b 001 0 eng
010 |a  2004041175 
020 |a 184376685X 
035 |a (OCoLC)ocm54356689 
040 |a DLC  |c DLC  |d YDX  |d TXA  |d UtOrBLW 
042 |a pcc 
049 |a TXAM 
050 0 0 |a HC79.E5  |b G326 2004 
082 0 0 |a 363.7/001/5193  |2 22 
245 0 0 |a Game practice and the environment /  |c edited by Carlo Carraro, Vito Fragnelli. 
264 1 |a Cheltenham, UK ;  |a Northampton, MA :  |b Edward Elgar,  |c [2004] 
264 4 |c ©2004 
300 |a viii, 254 pages :  |b illustrations ;  |c 24 cm. 
336 |a text  |b txt  |2 rdacontent 
337 |a unmediated  |b n  |2 rdamedia 
338 |a volume  |b nc  |2 rdacarrier 
490 1 |a The Fondazione Eni Enrico Mattei (FEEM) series on economics and the environment 
504 |a Includes bibliographical references and index. 
536 |a A gift from the Texas A&M University Class of '74, 2003-2004. 
650 0 |a Environmental policy  |x Economic aspects  |x Mathematical models. 
650 0 |a Climatic changes  |x International cooperation  |x Mathematical models. 
650 0 |a Pollution  |x Economic aspects  |x Mathematical models. 
650 0 |a Environmental protection  |x Finance  |x Mathematical models. 
650 0 |a Natural resources  |x Management  |x Mathematical models. 
650 0 |a Game theory. 
700 1 |a Carraro, Carlo. 
700 1 |a Fragnelli, Vito,  |d 1956- 
830 0 |a Fondazione Eni Enrico Mattei (FEEM) series on economics and the environment. 
948 |a cataloged  |b h  |c 2004/12/2  |d c  |e eneff  |f 3:15:34 pm 
994 |a E0  |b TXA 
999 |a MARS 
999 f f |s 07a01c2b-fd98-351e-93ae-563d1d9ea160  |i 92fffe10-a372-3214-ae85-74fc57a72c62  |t 0 
952 f f |p ric  |a Texas A&M University  |b Rellis Campus  |c Joint Library Facility  |d Remote Storage  |t 0  |e HC79.E5 G326 2004  |h Library of Congress classification  |i unmediated -- volume  |m A14832085758 
998 f f |a HC79.E5 G326 2004  |t 0  |l Remote Storage